000 01917nam2a2200253 4500
001 RU\NLR\BIBL_A\012281215
005 20250624005414.0
035 _a(NLR Aleph) 012281215
090 _a11219605
_c11219605
100 _a20200626d2019 |||y0rusy50 ca
101 0 _arus
102 _aRU
200 1 _aIV Региональный Инфофорум - практическая конференция "Безопасность граждан России в информационном мире" ; I Региональная конференция краеведческих проектов "Это наша с тобой биография"
210 _d2019
_aБ. м.
461 0 _1001RU\NLR\BIBL_A\011363927
_12001#$aВзгляд в будущее$eнаучный журнал$fОбл. бюджет. проф. образоват. учреждение "Кур. техникум связи"$v№ 5 [1]
_911313722
_cКурск
_d2017 -
_fОбл. бюджет. проф. образоват. учреждение "Кур. техникум связи"
_nОБПОУ "КТС"
_oнаучный журнал
_tВзгляд в будущее
_v№ 5 [1]
517 1 _aI Региональная конференция краеведческих проектов "Это наша с тобой биография"
710 1 2 _a"Безопасность граждан России в информационном мире", региональный инфофорум
_d4
_eКурск
_f2019
_9704998
_3RU\NLR\AUTH\880521963
711 1 2 _a"Это наша с тобой биография", региональная конференция краеведческих проектов
_d1
_eКурск
_f2019
_9705001
_3RU\NLR\AUTH\880521965
852 _aNLR
_jП10/7782
942 _cISSUE
980 _aNB
980 _aRUSPER